[Event "European Senior Teams Chess Championship"]
[Site "Rogaska Slatina"]
[Date "2012.04.01"]
[Round "6.7"]
[White "Wittmann, Walter"]
[Black "Krebs, Dietmar"]
[Result "1-0"]
[WhiteElo "2286"]
[BlackElo "2114"]
[PlyCount "63"]
[EventDate "2012.03.27"]
[WhiteTeam "AUT 1"]
[BlackTeam "GER - MATTADORE"]

1. e4 c5 2. Nf3 d6 3. d4 cxd4 4. Nxd4 Nf6 5. Nc3 a6 6. a4 e5 7. Nf3 Qc7 8. Bg5
Nbd7 9. Nd2 Be7 10. Bc4 b6 11. Qe2 Bb7 12. O-O O-O 13. Rfd1 h6 14. Bxf6 Nxf6
15. Bb3 Qc5 16. Nf1 Rfd8 17. Ne3 Bf8 18. Qf3 Rd7 19. Nf5 Rad8 20. Nxh6+ gxh6
21. Qxf6 Bg7 22. Qf5 Rc7 23. Rd3 Bc8 24. Qf3 Be6 25. Nd5 Rb7 26. Rc3 Qa5 27.
Nf6+ Kh8 28. Nh5 b5 29. Nxg7 Kxg7 30. Bxe6 fxe6 31. Qg4+ Kh7 32. Rg3 1-0

[Event "European Senior Teams Chess Championship"]
[Site "Rogaska Slatina"]
[Date "2012.04.01"]
[Round "6.7"]
[White "Kurka, Dieter"]
[Black "Singer, Hans"]
[Result "0-1"]
[WhiteElo "2093"]
[BlackElo "2265"]
[PlyCount "92"]
[EventDate "2012.03.27"]
[WhiteTeam "GER - MATTADORE"]
[BlackTeam "AUT 1"]

1. d4 d5 2. Bf4 Nf6 3. e3 c5 4. c3 Nc6 5. Nd2 Qb6 6. Qc2 g6 7. Ngf3 Bg7 8. h3
O-O 9. Be2 Bf5 10. Bd3 Bxd3 11. Qxd3 cxd4 12. exd4 Rac8 13. O-O e6 14. a4 Nd7
15. Rfe1 Na5 16. b4 Nc4 17. Nxc4 Rxc4 18. Nd2 Rcc8 19. Nb3 Qc6 20. Nc5 b6 21.
Nxd7 Qxd7 22. b5 Rc4 23. Reb1 Rfc8 24. Rb3 Bf8 25. a5 Bd6 26. Bxd6 Qxd6 27.
axb6 axb6 28. Ra7 Qf4 29. Rb7 Qc1+ 30. Kh2 Rxc3 31. Rxc3 Rxc3 32. Qe2 Qf4+ 33.
g3 Qxd4 34. h4 h5 35. Qa2 Rd3 36. Rb8+ Kg7 37. Kh3 Rd2 38. Qa8 Qxf2 39. Rg8+
Kf6 40. Qd8+ Ke5 41. Qg5+ Qf5+ 42. Qxf5+ Kxf5 43. Rb8 f6 44. Rxb6 g5 45. hxg5
fxg5 46. g4+ Kf4 0-1

[Event "European Senior Teams Chess Championship"]
[Site "Rogaska Slatina"]
[Date "2012.04.01"]
[Round "6.7"]
[White "Roth, Peter"]
[Black "Neumann, Horst"]
[Result "1/2-1/2"]
[WhiteElo "2262"]
[BlackElo "1937"]
[PlyCount "54"]
[EventDate "2012.03.27"]
[WhiteTeam "AUT 1"]
[BlackTeam "GER - MATTADORE"]

1. e4 c6 2. Nc3 g6 3. d4 d6 4. Be3 Bg7 5. Qd2 Nd7 6. Be2 Nb6 7. O-O-O Be6 8. b3
Qc7 9. g4 a5 10. a4 Bd7 11. f4 e6 12. Nf3 Ne7 13. Rhg1 f5 14. gxf5 exf5 15.
exf5 Nxf5 16. Bf2 Bf6 17. Ne4 Bg7 18. Ng3 Nd5 19. Nxf5 Bxf5 20. Nh4 O-O 21.
Nxf5 Rxf5 22. Bg4 Rff8 23. Be6+ Kh8 24. f5 Ne7 25. fxg6 hxg6 26. Bc4 Rf6 27.
Be3 Raf8 1/2-1/2

[Event "European Senior Teams Chess Championship"]
[Site "Rogaska Slatina"]
[Date "2012.04.01"]
[Round "6.8"]
[White "Ahlers, Ben"]
[Black "Rodriguez Vargas, Orestes"]
[Result "0-1"]
[WhiteElo "2116"]
[BlackElo "2403"]
[PlyCount "71"]
[EventDate "2012.03.27"]
[WhiteTeam "NED - DIS.DIS."]
[BlackTeam "ESP - CATALONIA"]

1. d4 d5 2. Nf3 c5 3. g3 Nf6 4. Bg2 Nc6 5. O-O e6 6. c3 Be7 7. dxc5 Bxc5 8. c4
O-O 9. cxd5 exd5 10. Bg5 d4 11. Nbd2 Re8 12. Rc1 Bb6 13. Nb3 h6 14. Bd2 Ne4 15.
Be1 Qf6 16. Nbd2 Nd6 17. Nc4 Nxc4 18. Rxc4 Be6 19. Ra4 Rad8 20. b3 Bg4 21. h3
Bf5 22. Bd2 Qe6 23. g4 Be4 24. Bf4 g5 25. Bg3 f5 26. gxf5 Bxf5 27. Qc1 Rd7 28.
h4 g4 29. Nd2 Qxe2 30. Nc4 Qe6 31. Bf4 Kh7 32. Bg3 d3 33. Bf4 Nd4 34. Qd2 Ne2+
35. Kh1 Bd4 36. Ra5 0-1

[Event "European Senior Teams Chess Championship"]
[Site "Rogaska Slatina"]
[Date "2012.04.01"]
[Round "6.8"]
[White "Garriga Nualart, Josep"]
[Black "Happel, Henk"]
[Result "1-0"]
[WhiteElo "2319"]
[BlackElo "2129"]
[PlyCount "79"]
[EventDate "2012.03.27"]
[WhiteTeam "ESP - CATALONIA"]
[BlackTeam "NED - DIS.DIS."]

1. c4 Nf6 2. Nc3 e6 3. e4 c5 4. e5 Ng8 5. d4 cxd4 6. Qxd4 Nc6 7. Qe4 f5 8. Qe2
Nh6 9. Bxh6 gxh6 10. O-O-O Qg5+ 11. Kb1 Bb4 12. Nf3 Qg7 13. Nb5 O-O 14. g3 a6
15. Nd6 b5 16. Qe3 bxc4 17. Bxc4 a5 18. a3 Bxd6 19. Rxd6 Nd8 20. Rhd1 Nf7 21.
Rb6 Qg4 22. Rd4 Qg7 23. Bd3 Ra7 24. Rb8 Rc7 25. Ra4 Bb7 26. Rxf8+ Qxf8 27. Rxa5
Qc8 28. Nd4 Ng5 29. Nb5 Rc6 30. Na7 Qc7 31. Nxc6 Qxc6 32. Rc5 Qh1+ 33. Rc1 Qxh2
34. Qb6 Bc6 35. Bb5 Kg7 36. Bxc6 dxc6 37. Rxc6 Qh1+ 38. Rc1 Qe4+ 39. Ka1 Nf3
40. Qxe6 1-0

[Event "European Senior Teams Chess Championship"]
[Site "Rogaska Slatina"]
[Date "2012.04.01"]
[Round "6.8"]
[White "Lindner, Jan-Joost"]
[Black "Monedero Gonzalez, Josep"]
[Result "1/2-1/2"]
[WhiteElo "2150"]
[BlackElo "2104"]
[PlyCount "83"]
[EventDate "2012.03.27"]
[WhiteTeam "NED - DIS.DIS."]
[BlackTeam "ESP - CATALONIA"]

1. b4 c6 2. e3 d5 3. Bb2 Qb6 4. a3 a5 5. Bd4 Qc7 6. Nf3 Bg4 7. c4 axb4 8. axb4
Rxa1 9. Bxa1 f6 10. cxd5 cxd5 11. Nc3 e6 12. Qa4+ Kf7 13. Nd4 Nc6 14. Nxc6 bxc6
15. b5 Nh6 16. bxc6 Be7 17. h3 Bh5 18. Bb5 g5 19. Ne2 Bg6 20. Bc3 Nf5 21. Nd4
Nd6 22. Ba5 Qa7 23. c7 Qc5 24. Bd7 e5 25. Nb5 Nc8 26. O-O Bc2 27. Qg4 f5 28.
Bxf5 Qxb5 29. Bxc8 Qxa5 30. Qe6+ Kf8 31. Qxe5 Kf7 32. Be6+ Kg6 33. f4 Bf6 34.
f5+ Kg7 35. Qd6 Qxd2 36. c8=Q Rxc8 37. Bxc8 Qxe3+ 38. Kh1 Be4 39. Kh2 Qc3 40.
Qd7+ Kh6 41. Qe6 Kg7 42. Qd7+ 1/2-1/2

[Event "European Senior Teams Chess Championship"]
[Site "Rogaska Slatina"]
[Date "2012.04.01"]
[Round "6.8"]
[White "Sanz Bastos, Fernando"]
[Black "Vink, Wim"]
[Result "1/2-1/2"]
[WhiteElo "2058"]
[BlackElo "1954"]
[PlyCount "56"]
[EventDate "2012.03.27"]
[WhiteTeam "ESP - CATALONIA"]
[BlackTeam "NED - DIS.DIS."]

1. e4 c6 2. d4 d5 3. Nc3 dxe4 4. Nxe4 Bf5 5. Ng3 Bg6 6. Nf3 Nd7 7. h4 h6 8. h5
Bh7 9. Bd3 Bxd3 10. Qxd3 Ngf6 11. Bd2 e6 12. O-O-O Qc7 13. Kb1 O-O-O 14. Ne4
Nxe4 15. Qxe4 Bd6 16. c4 Nf6 17. Qc2 c5 18. Rh4 Rhe8 19. Qa4 b6 20. b4 Qd7 21.
b5 e5 22. d5 e4 23. Ne1 a5 24. Nc2 Ng4 25. Rf1 f5 26. Ne3 Be5 27. Qc2 Rf8 28.
Nd1 Kb8 1/2-1/2

[Event "European Senior Teams Chess Championship"]
[Site "Rogaska Slatina"]
[Date "2012.04.01"]
[Round "6.9"]
[White "Bonner, Gerald"]
[Black "Isserman, Ryhor"]
[Result "1/2-1/2"]
[WhiteElo "2197"]
[BlackElo "2309"]
[PlyCount "49"]
[EventDate "2012.03.27"]
[WhiteTeam "SCO 1"]
[BlackTeam "GER - HESSEN"]

1. d4 Nf6 2. Nf3 g6 3. Nc3 Bg7 4. e4 d6 5. Be3 c6 6. Be2 O-O 7. Qd2 b5 8. a3
Nbd7 9. Bh6 Qc7 10. Bxg7 Kxg7 11. O-O Rb8 12. Rfe1 a5 13. b4 Nb6 14. bxa5 Nc4
15. Bxc4 bxc4 16. e5 Nd5 17. Ne4 Bf5 18. Nh4 Bxe4 19. Rxe4 c3 20. Qg5 f5 21.
exd6 exd6 22. Re6 Qd8 23. Rxg6+ hxg6 24. Qxg6+ Kh8 25. Qh6+ 1/2-1/2

[Event "European Senior Teams Chess Championship"]
[Site "Rogaska Slatina"]
[Date "2012.04.01"]
[Round "6.10"]
[White "Fatalibekova, Elena"]
[Black "Liebscher, Helmar"]
[Result "1-0"]
[WhiteElo "2276"]
[BlackElo "2093"]
[PlyCount "59"]
[EventDate "2012.03.27"]
[WhiteTeam "RUS 2"]
[BlackTeam "GER - CACHSEN-ANGALT"]

1. d4 Nf6 2. c4 e6 3. Nc3 d5 4. Nf3 Be7 5. Bg5 O-O 6. e3 b6 7. Bd3 h6 8. Bh4
Bb7 9. O-O c5 10. Qe2 Nc6 11. dxc5 bxc5 12. Rfd1 Nb4 13. Bb1 Ba6 14. b3 Qa5 15.
Ne5 Qc7 16. f4 d4 17. exd4 cxd4 18. Na4 Rfd8 19. a3 Nbd5 20. Rxd4 Nxf4 21. Rxf4
g5 22. Bxg5 hxg5 23. Rf1 Rd5 24. Nxf7 Kxf7 25. Qh5+ Kg7 26. Qg6+ Kh8 27. Qh6+
Kg8 28. Bh7+ Nxh7 29. Qg6+ Kh8 30. Rf7 1-0

[Event "European Senior Teams Chess Championship"]
[Site "Rogaska Slatina"]
[Date "2012.04.01"]
[Round "6.10"]
[White "Kirmas, Joachim Dr"]
[Black "Miednikova, Swietlana"]
[Result "1/2-1/2"]
[WhiteElo "2050"]
[BlackElo "2183"]
[PlyCount "119"]
[EventDate "2012.03.27"]
[WhiteTeam "GER - CACHSEN-ANGALT"]
[BlackTeam "RUS 2"]

1. e4 e5 2. Nf3 d6 3. d4 Nd7 4. Bc4 Be7 5. dxe5 Nxe5 6. Nxe5 dxe5 7. Qxd8+ Bxd8
8. Be3 Nf6 9. f3 O-O 10. O-O c6 11. a4 b6 12. Nc3 Be7 13. Rfd1 Nd7 14. b3 Bc5
15. Bxc5 Nxc5 16. Rd6 Be6 17. Bxe6 Nxe6 18. Rxc6 Nd4 19. Rc7 Nxc2 20. Ra2 Nd4
21. b4 Rfc8 22. Rxc8+ Rxc8 23. Nd5 Kf8 24. b5 Nb3 25. Nb4 Na5 26. Kf2 Ke7 27.
Ke2 f6 28. Kd3 Kd6 29. Rd2 Rc4 30. Ke3+ Ke6 31. Rb2 Rc1 32. Kd3 Rd1+ 33. Ke2
Rd4 34. Rb1 Kd6 35. Rb2 Kc5 36. Na6+ Kd6 37. Nb4 Nc4 38. Rc2 Na5 39. Rb2 g6 40.
Rb1 f5 41. Rd1 Rxd1 42. Kxd1 fxe4 43. fxe4 Nc4 44. Kc2 Ne3+ 45. Kb3 Nxg2 46. a5
bxa5 47. Nd5 Nf4 48. Nf6 h5 49. Ka4 Ke7 50. Nh7 Ne6 51. Kxa5 Nc5 52. Ng5 h4 53.
h3 Kf6 54. Nh7+ Kg7 55. Ng5 Kf6 56. Nh7+ Ke6 57. Ng5+ Kd6 58. Nf7+ Ke6 59. Ng5+
Kf6 60. Nh7+ 1/2-1/2

[Event "European Senior Teams Chess Championship"]
[Site "Rogaska Slatina"]
[Date "2012.04.01"]
[Round "6.10"]
[White "Titorenko, Natalia I"]
[Black "Reinemann, Guenter Dr"]
[Result "1/2-1/2"]
[WhiteElo "2139"]
[BlackElo "2011"]
[PlyCount "56"]
[EventDate "2012.03.27"]
[WhiteTeam "RUS 2"]
[BlackTeam "GER - CACHSEN-ANGALT"]

1. Nf3 f5 2. g3 Nf6 3. Bg2 g6 4. O-O Bg7 5. c4 c6 6. Nc3 O-O 7. d3 d6 8. Rb1 a5
9. a3 Nbd7 10. b4 axb4 11. axb4 Qc7 12. Qb3 h6 13. Nd4 Ne5 14. b5 c5 15. Nc2
Kh7 16. f4 Ned7 17. e4 fxe4 18. dxe4 Nb6 19. Ne3 Ng4 20. Ncd5 Qd8 21. Bb2 Nxd5
22. Nxd5 Bd4+ 23. Bxd4 cxd4 24. h3 Nf6 25. e5 Nxd5 26. Bxd5 Qb6 27. Kh2 Bf5 28.
Rb2 h5 1/2-1/2

[Event "European Senior Teams Chess Championship"]
[Site "Rogaska Slatina"]
[Date "2012.04.01"]
[Round "6.11"]
[White "Ager, Josef"]
[Black "Pesec, Franc"]
[Result "1/2-1/2"]
[WhiteElo "2195"]
[BlackElo "2116"]
[PlyCount "36"]
[EventDate "2012.03.27"]
[WhiteTeam "AUT - NIEDEROSTERREICH"]
[BlackTeam "SLO - CELJE"]

1. Nf3 Nf6 2. c4 Nc6 3. Nc3 e5 4. e4 Bc5 5. Be2 d6 6. d3 h6 7. h3 a5 8. O-O O-O
9. Rb1 Nd4 10. Nxd4 Bxd4 11. Qc2 Bd7 12. Nd1 c6 13. Ne3 Nh7 14. Qd1 f5 15. Nxf5
Bxf5 16. exf5 Rxf5 17. Bg4 Rf6 18. Be3 Qb6 1/2-1/2

[Event "European Senior Teams Chess Championship"]
[Site "Rogaska Slatina"]
[Date "2012.04.01"]
[Round "6.11"]
[White "Djurkovic, Maks"]
[Black "Woeber, Friedrich"]
[Result "1-0"]
[WhiteElo "2130"]
[BlackElo "2175"]
[PlyCount "61"]
[EventDate "2012.03.27"]
[WhiteTeam "SLO - CELJE"]
[BlackTeam "AUT - NIEDEROSTERREICH"]

1. d4 Nf6 2. g3 g6 3. Bg2 Bg7 4. e4 d6 5. Nc3 O-O 6. Nge2 c6 7. a4 a5 8. h3 e5
9. Be3 Qc7 10. g4 Re8 11. O-O h5 12. f3 Nbd7 13. Qd2 Nb6 14. b3 exd4 15. Bxd4
d5 16. Qf4 Qd8 17. Rad1 Be6 18. Qe3 Nbd7 19. g5 Nh7 20. Bxg7 Kxg7 21. exd5 Bxd5
22. Qd4+ Kg8 23. h4 Qb6 24. Nf4 Nhf8 25. Ncxd5 cxd5 26. Nxd5 Qxd4+ 27. Rxd4 Ne6
28. Rc4 Ne5 29. Nf6+ Kh8 30. Re4 Nc5 31. Re3 1-0

[Event "European Senior Teams Chess Championship"]
[Site "Rogaska Slatina"]
[Date "2012.04.01"]
[Round "6.11"]
[White "Weinwurm, Wolfgang"]
[Black "Gazvoda, Franc"]
[Result "1-0"]
[WhiteElo "2172"]
[BlackElo "2075"]
[PlyCount "87"]
[EventDate "2012.03.27"]
[WhiteTeam "AUT - NIEDEROSTERREICH"]
[BlackTeam "SLO - CELJE"]

1. e4 c5 2. Nf3 e6 3. d4 cxd4 4. Nxd4 Nf6 5. Nc3 Nc6 6. Ndb5 d6 7. Bf4 e5 8.
Bg5 a6 9. Na3 b5 10. Nd5 Be7 11. Bxf6 Bxf6 12. c3 Bg5 13. Nc2 O-O 14. a4 bxa4
15. Rxa4 a5 16. Bc4 Be6 17. Qe2 Ne7 18. Nce3 Bxe3 19. Nxe3 d5 20. exd5 Nxd5 21.
Nxd5 Bxd5 22. O-O Bc6 23. Bb5 Qb6 24. Bxc6 Qxc6 25. Rfa1 Qc5 26. Qe3 Qb5 27. b4
Rfd8 28. h3 f6 29. Rxa5 Rxa5 30. Rxa5 Rd1+ 31. Kh2 Qf1 32. Ra8+ Kf7 33. Ra7+
Kg8 34. f3 h5 35. Ra8+ Kf7 36. Ra7+ Kg8 37. Ra8+ Kf7 38. h4 g5 39. Qa7+ Kg6 40.
Rg8+ Kf5 41. Qh7+ Ke6 42. Re8+ Kd6 43. Qe7+ Kc6 44. Qc5+ 1-0

[Event "European Senior Teams Chess Championship"]
[Site "Rogaska Slatina"]
[Date "2012.04.01"]
[Round "6.11"]
[White "Streicher, Zvonko"]
[Black "Winiwarter, Felix"]
[Result "0-1"]
[WhiteElo "2062"]
[BlackElo "2162"]
[PlyCount "80"]
[EventDate "2012.03.27"]
[WhiteTeam "SLO - CELJE"]
[BlackTeam "AUT - NIEDEROSTERREICH"]

1. d4 Nf6 2. c4 g6 3. Nc3 Bg7 4. e4 d6 5. f3 O-O 6. Be3 Nbd7 7. Qd2 e5 8. d5
Nh5 9. g4 Nf4 10. Nge2 Re8 11. O-O-O a6 12. Kb1 b5 13. Nc1 bxc4 14. Bxc4 Nb6
15. Bb3 a5 16. a3 a4 17. Ba2 Ba6 18. h4 Qd7 19. g5 Reb8 20. N3e2 Nxe2 21. Nxe2
Rb7 22. Rh2 Rab8 23. Nc3 Nc4 24. Bxc4 Bxc4 25. Qc1 Rb3 26. Ka1 Qc8 27. Ne2 Qa6
28. Nc3 c6 29. dxc6 Qxc6 30. Rhd2 Be6 31. Rxd6 Qc4 32. Rd8+ Bf8 33. Rxb8 Rxb8
34. Nd5 Qb3 35. Nc3 Rc8 36. Rd2 Bxa3 37. bxa3 Rxc3 38. Qb2 Qxa3+ 39. Qxa3 Rxa3+
40. Kb1 Rxe3 0-1

[Event "European Senior Teams Chess Championship"]
[Site "Rogaska Slatina"]
[Date "2012.04.01"]
[Round "6.12"]
[White "Svensson, Leif 1940"]
[Black "Watzka, Horst"]
[Result "1/2-1/2"]
[WhiteElo "2129"]
[BlackElo "2253"]
[PlyCount "59"]
[EventDate "2012.03.27"]
[WhiteTeam "SWE 2"]
[BlackTeam "AUT - STEIERMARK"]

1. d4 Nf6 2. Nc3 d5 3. Bg5 c5 4. Bxf6 gxf6 5. e4 Nc6 6. exd5 Nxd4 7. Nge2 Nf5
8. Ng3 Nd6 9. Nge4 Nxe4 10. Nxe4 Qb6 11. Qe2 f5 12. Qb5+ Bd7 13. Qxb6 axb6 14.
Nc3 Bg7 15. Be2 Kd8 16. O-O Be5 17. Bh5 Rf8 18. f4 Bd4+ 19. Kh1 b5 20. a3 Kc7
21. Nd1 b4 22. c3 bxc3 23. Nxc3 Kd6 24. Rac1 b5 25. Be2 Rfb8 26. Nd1 b4 27. Rf3
bxa3 28. bxa3 Ra4 29. Rh3 Bf6 30. Ne3 1/2-1/2

[Event "European Senior Teams Chess Championship"]
[Site "Rogaska Slatina"]
[Date "2012.04.01"]
[Round "6.12"]
[White "Wademark, Helge"]
[Black "Kratschmer, Heinz"]
[Result "0-1"]
[WhiteElo "2096"]
[BlackElo "2164"]
[PlyCount "70"]
[EventDate "2012.03.27"]
[WhiteTeam "SWE 2"]
[BlackTeam "AUT - STEIERMARK"]

1. e4 c5 2. Nc3 g6 3. f4 Bg7 4. Nf3 Nc6 5. Bb5 Nd4 6. Nxd4 cxd4 7. Ne2 Qb6 8.
Bd3 d5 9. e5 f6 10. exf6 Nxf6 11. b3 O-O 12. Bb2 Ne4 13. O-O Bg4 14. Qe1 e5 15.
Kh1 Rae8 16. fxe5 Rxf1+ 17. Qxf1 Rf8 18. Qe1 Nf2+ 19. Kg1 Bxe5 20. Ng3 Qd6 21.
Nf1 Qf6 22. Be2 Qg5 23. Bxg4 Nxg4 24. h3 Nf2 25. Qxf2 Rxf2 26. Kxf2 Qf5+ 27.
Kg1 Qxc2 28. Ba3 d3 29. Re1 Bd4+ 30. Kh2 Qc7+ 31. Kh1 Qf4 32. Re8+ Kg7 33. Rf8
Bf6 34. Kg1 Qd4+ 35. Ne3 Qa1+ 0-1

[Event "European Senior Teams Chess Championship"]
[Site "Rogaska Slatina"]
[Date "2012.04.01"]
[Round "6.13"]
[White "Jorgensen, Jorgen"]
[Black "Jongsma, Alexander"]
[Result "1-0"]
[WhiteElo "2209"]
[BlackElo "2193"]
[PlyCount "115"]
[EventDate "2012.03.27"]
[WhiteTeam "DEN 2"]
[BlackTeam "NED - VAS"]

1. d4 g6 2. c4 f5 3. Nc3 Bg7 4. Nf3 d6 5. g3 Nh6 6. h4 Nf7 7. h5 e6 8. hxg6
hxg6 9. Rxh8+ Bxh8 10. e4 Qf6 11. exf5 gxf5 12. Be3 c6 13. Qd2 Nd7 14. O-O-O
Bg7 15. Ng5 Nb6 16. Be2 Kd7 17. Nxf7 Qxf7 18. a4 Kc7 19. Bf4 Nd7 20. c5 Bf8 21.
cxd6+ Bxd6 22. Bxd6+ Kxd6 23. Qf4+ Ke7 24. Qc7 Kf6 25. Rh1 Kg7 26. Qd8 Nf8 27.
Qh4 Qf6 28. Qf4 Bd7 29. Bc4 Rc8 30. Re1 b5 31. Bb3 c5 32. dxc5 Rxc5 33. Qb4 Rc7
34. axb5 Qg5+ 35. Kb1 Qd2 36. Re2 Qd3+ 37. Rc2 Be8 38. Qf4 Rc5 39. Qb8 Bf7 40.
Qxa7 Rxb5 41. Nxb5 Qxb5 42. Rc7 Qxb3 43. Rxf7+ Kg8 44. Rg7+ Kh8 45. Rc7 Qd1+
46. Ka2 Qd5+ 47. Ka3 Qd3+ 48. b3 Qd6+ 49. Qc5 Qa6+ 50. Kb4 Kg8 51. Qd4 e5 52.
Qc4+ Qe6 53. Qxe6+ Nxe6 54. Re7 Nd4 55. Kc4 Nf3 56. Kd5 e4 57. b4 Kf8 58. Ra7
1-0

[Event "European Senior Teams Chess Championship"]
[Site "Rogaska Slatina"]
[Date "2012.04.01"]
[Round "6.13"]
[White "Ghijsen, Pim"]
[Black "Olesen, Poul Erik Norgaard"]
[Result "1-0"]
[WhiteElo "2191"]
[BlackElo "2052"]
[PlyCount "73"]
[EventDate "2012.03.27"]
[WhiteTeam "NED - VAS"]
[BlackTeam "DEN 2"]

1. d4 Nf6 2. Nf3 g6 3. Bf4 Bg7 4. e3 d6 5. h3 Nbd7 6. Nbd2 c5 7. c3 O-O 8. Be2
a6 9. a4 b6 10. O-O Bb7 11. Qb3 Qc7 12. Rfe1 Rfc8 13. Bc4 Rf8 14. Ng5 e5 15.
Bxf7+ Kh8 16. dxe5 dxe5 17. Bg3 Nh5 18. e4 Nxg3 19. fxg3 c4 20. Qxc4 Nc5 21.
Bd5 Rad8 22. b4 Qe7 23. Ndf3 Bxd5 24. exd5 h6 25. bxc5 hxg5 26. cxb6 Rc8 27.
Qe4 Rxc3 28. Rab1 Qc5+ 29. Kh2 Rfxf3 30. b7 Rb3 31. b8=Q+ Rxb8 32. Rxb8+ Rf8
33. Rxf8+ Qxf8 34. Qxg6 Qf2 35. Rc1 e4 36. Rc8+ Bf8 37. Rc7 1-0

[Event "European Senior Teams Chess Championship"]
[Site "Rogaska Slatina"]
[Date "2012.04.01"]
[Round "6.13"]
[White "Jorgensen, Arne Bjorn"]
[Black "Van Oosten, Arend"]
[Result "1/2-1/2"]
[WhiteElo "1991"]
[BlackElo "2186"]
[PlyCount "54"]
[EventDate "2012.03.27"]
[WhiteTeam "DEN 2"]
[BlackTeam "NED - VAS"]

1. d4 f5 2. c4 e6 3. Nf3 Nf6 4. Nc3 d5 5. g3 c6 6. Bg2 Bd6 7. O-O O-O 8. b3 Qe7
9. Bb2 Bd7 10. e3 Be8 11. Ne2 Nbd7 12. Qc2 Bh5 13. Nf4 Bxf3 14. Bxf3 g5 15. Nd3
Rad8 16. Bg2 Qg7 17. c5 Bc7 18. Qe2 Rde8 19. f4 g4 20. b4 Ne4 21. Bxe4 fxe4 22.
Ne5 Bxe5 23. dxe5 Rf7 24. Bd4 h5 25. Rf2 Nf8 26. Raf1 Rf5 27. a4 Ng6 1/2-1/2

[Event "European Senior Teams Chess Championship"]
[Site "Rogaska Slatina"]
[Date "2012.04.01"]
[Round "6.13"]
[White "Van Dongen, Rob"]
[Black "Preuss, Flemming"]
[Result "1/2-1/2"]
[WhiteElo "1968"]
[BlackElo "1993"]
[PlyCount "98"]
[EventDate "2012.03.27"]
[WhiteTeam "NED - VAS"]
[BlackTeam "DEN 2"]

1. d4 Nf6 2. c4 e5 3. d5 Bc5 4. e3 d6 5. Nc3 a5 6. Bd3 O-O 7. h3 Re8 8. e4 c6
9. Nf3 Nbd7 10. O-O Nf8 11. Re1 Bd7 12. Be3 Bxe3 13. Rxe3 c5 14. Nb5 Bxb5 15.
cxb5 N8d7 16. a4 g6 17. Qd2 Kg7 18. g3 Qe7 19. Nh4 Rf8 20. Kh2 Ng8 21. Rf1 b6
22. b3 Rae8 23. Ree1 Kh8 24. Rg1 f6 25. Qe3 Qg7 26. Ref1 Ne7 27. g4 h6 28. Rg3
Rf7 29. Rfg1 Nf8 30. Qf3 Nh7 31. Qe3 Ref8 32. Bc2 Rd8 33. R1g2 Kg8 34. Bd1 Kf8
35. Nf5 Nxf5 36. gxf5 g5 37. Bh5 Rc7 38. Be2 Qf7 39. h4 Ke7 40. Kg1 Rg8 41. Kf1
Rcc8 42. Rh3 Qg7 43. Qf3 Rh8 44. Qh5 Rcg8 45. Qg4 Nf8 46. Qh5 Qf7 47. Qxf7+
Kxf7 48. h5 Ke7 49. Rg4 Nd7 1/2-1/2

[Event "European Senior Teams Chess Championship"]
[Site "Rogaska Slatina"]
[Date "2012.04.01"]
[Round "6.14"]
[White "Habershon, Paul F"]
[Black "Lyly, Seppo"]
[Result "1-0"]
[WhiteElo "2122"]
[BlackElo "1939"]
[PlyCount "45"]
[EventDate "2012.03.27"]
[WhiteTeam "ENG 2"]
[BlackTeam "FIN 2"]

1. e4 c5 2. Nc3 Nc6 3. f4 g6 4. Nf3 Bg7 5. Bc4 e6 6. f5 Nge7 7. fxe6 fxe6 8. d3
O-O 9. O-O d5 10. Bb3 Nd4 11. Nxd4 Bxd4+ 12. Kh1 Rxf1+ 13. Qxf1 Qf8 14. Qxf8+
Kxf8 15. Bh6+ Ke8 16. Rf1 dxe4 17. Rf8+ Kd7 18. Nxe4 Kc6 19. c3 Be5 20. Bxe6
Bxe6 21. Rxa8 Bxa2 22. Rxa7 Bb1 23. Nf2 1-0

[Event "European Senior Teams Chess Championship"]
[Site "Rogaska Slatina"]
[Date "2012.04.01"]
[Round "6.14"]
[White "Auvinen, Esa"]
[Black "Quinn, John M"]
[Result "1/2-1/2"]
[WhiteElo "1961"]
[BlackElo "2121"]
[PlyCount "136"]
[EventDate "2012.03.27"]
[WhiteTeam "FIN 2"]
[BlackTeam "ENG 2"]

1. e4 c5 2. Nf3 e6 3. d4 cxd4 4. Nxd4 Nc6 5. g3 Nf6 6. Bg2 a6 7. O-O Qc7 8. c4
d6 9. b3 Bd7 10. Nc3 Be7 11. Bb2 O-O 12. h3 Rac8 13. Kh2 Ne8 14. Nde2 Qb8 15.
a4 b6 16. f4 Bf6 17. Rb1 Kh8 18. Qd2 Na5 19. Ba3 Bc6 20. e5 Bxg2 21. Kxg2 Be7
22. exd6 Nxd6 23. Qd3 Rfd8 24. Qf3 Qc7 25. Rfd1 Nf5 26. Bxe7 Qxe7 27. Ne4 h6
28. Kh2 Nc6 29. Qc3 Qb4 30. Qxb4 Nxb4 31. Kg1 Ne3 32. Rd6 f5 33. Rxb6 fxe4 34.
Rxb4 Rd2 35. Kf2 Nc2 36. Rb6 Rcd8 37. Rxe6 Rxe2+ 38. Kxe2 Nd4+ 39. Ke3 Nxe6 40.
Kxe4 Nc5+ 41. Kf5 Kh7 42. a5 Re8 43. b4 Ne4 44. Kg4 Nd2 45. Rc1 g6 46. h4 h5+
47. Kh3 Re4 48. c5 Rxb4 49. c6 Rb8 50. c7 Rc8 51. Rc6 Nb3 52. g4 Nd4 53. Rd6
hxg4+ 54. Kxg4 Nb5 55. Rxa6 Rxc7 56. h5 gxh5+ 57. Kxh5 Nd4 58. Rd6 Nf5 59. Rd5
Ne7 60. Rb5 Ra7 61. Rc5 Kg7 62. Kg5 Kf7 63. f5 Ng8 64. Rb5 Nf6 65. Rb6 Nd7 66.
Rb5 Nf6 67. Rb6 Nd7 68. Rb5 Nf6 1/2-1/2

[Event "European Senior Teams Chess Championship"]
[Site "Rogaska Slatina"]
[Date "2012.04.01"]
[Round "6.15"]
[White "Rooze, Jan"]
[Black "Biller, Helmut Dr"]
[Result "1-0"]
[WhiteElo "2325"]
[BlackElo "2103"]
[PlyCount "57"]
[EventDate "2012.03.27"]
[WhiteTeam "BEL"]
[BlackTeam "GER - OBERURSEL"]

1. e4 e6 2. d4 d5 3. Nd2 c5 4. Ngf3 Nc6 5. exd5 exd5 6. Bb5 Bd6 7. dxc5 Bxc5 8.
O-O Nge7 9. Nb3 Bd6 10. Re1 O-O 11. Bd3 h6 12. h3 Qc7 13. Nbd4 a6 14. c3 Bd7
15. Bc2 Bf4 16. Nxc6 Nxc6 17. Bxf4 Qxf4 18. Qxd5 Be6 19. Qd3 Rfd8 20. Qh7+ Kf8
21. Be4 Ke7 22. Bxc6 bxc6 23. Nd4 Kf6 24. Nxe6 fxe6 25. Re3 Rh8 26. Qd3 Rhd8
27. Qe2 Kg6 28. Rf3 Qd6 29. Qe4+ 1-0

[Event "European Senior Teams Chess Championship"]
[Site "Rogaska Slatina"]
[Date "2012.04.01"]
[Round "6.15"]
[White "Escher, Helmut"]
[Black "Schrickx, Frank"]
[Result "1/2-1/2"]
[WhiteElo "2120"]
[BlackElo "1874"]
[PlyCount "35"]
[EventDate "2012.03.27"]
[WhiteTeam "GER - OBERURSEL"]
[BlackTeam "BEL"]

1. Nf3 Nf6 2. d4 e6 3. Bg5 d5 4. e3 Nbd7 5. Bd3 c5 6. c3 Be7 7. Nbd2 O-O 8. O-O
b6 9. Re1 Bb7 10. e4 Nxe4 11. Bxe7 Qxe7 12. Nxe4 dxe4 13. Bxe4 Bxe4 14. Rxe4
Nf6 15. Re2 Rfd8 16. Rd2 cxd4 17. Rxd4 Rxd4 18. Nxd4 1/2-1/2